000 00587nam a2200193Ia 4500
005 20260114185650.0
008 008 260114s9999 xx 000 0 eng d
020 _a9781350041837
037 _aEBOOK
040 _aCRL
_beng
_cCRL
041 _aeng
_2eng
084 _qCRL
100 _aAndrew Knapp and Hilary Footitt
_9872879
245 0 _aLiberal Democracies at War Conflict and Representation
260 _bBloomsbury
_c2013
856 _uhttps://doi.org/10.5040/9781350041837?locatt=label:secondary_bloomsburyCollections
942 _cEBOOK
999 _c1471827
_d1471827